[Event "WLS-chA 68th"]
[Site "Cardiff"]
[Date "2024.03.30"]
[Round "3"]
[White "Smith, Olivia"]
[Black "Binks, Michael"]
[Result "1/2-1/2"]
[WhiteElo "2054"]
[BlackElo "1984"]
[PlyCount "95"]
[EventDate "2024.03.29"]
[EventType "swiss"]
[EventRounds "7"]
[EventCountry "WLS"]
[SourceTitle "CB14_2024"]
[SourceDate "2024.04.01"]
[SourceVersion "1"]
[SourceVersionDate "2024.04.01"]
[SourceQuality "1"]

1. e4 e5 2. Nf3 Nc6 3. Nc3 Bc5 4. Nxe5 Nxe5 5. d4 Bd6 6. dxe5 Bxe5 7. Bd3 d6 8. Be3 Nf6 9. Qd2 Ng4 10. Bg5 f6 11. Be3 Nxe3 12. Qxe3 c6 13. 0-0 Qb6 14. Qxb6 axb6 15. Nd1 Be6 16. c3 d5 17. exd5 Bxd5 18. Ne3 Bf7 19. Nc4 Bxc4 20. Bxc4 0-0-0 21. Be6+ Kc7 22. Rad1 Rhe8 23. Bf5 g6 24. Bg4 f5 25. Bf3 Rd6 26. Rxd6 Bxd6 27. g3 Re6 28. Kg2 b5 29. a3 Be7 30. h4 h6 31. Rd1 Bf6 32. Kf1 Rd6 33. Rxd6 Kxd6 34. Ke2 f4 35. Be4 fxg3 36. fxg3 g5 37. hxg5 Bxg5 38. Kd3 h5 39. Bg6 h4 40. gxh4 Bxh4 41. c4 bxc4+ 42. Kxc4 b5+ 43. Kd3 c5 44. Be8 c4+ 45. Kc2 Kc5 46. Bf7 b4 47. axb4+ Kxb4 48. Bxc4 1/2-1/2

[Event "WLS-ch"]
[Site "Cardiff"]
[Date "2005.03.26"]
[Round "2"]
[White "Binks, Michael"]
[Black "White, Ernest Michael"]
[Result "1-0"]
[WhiteElo "2134"]
[BlackElo "1990"]
[PlyCount "77"]
[EventDate "2005.03.25"]
[EventType "swiss"]
[EventRounds "7"]
[EventCountry "WLS"]
[SourceTitle "EXT 2006"]
[Source "ChessBase"]
[SourceDate "2005.11.24"]
[SourceVersion "1"]
[SourceVersionDate "2005.11.24"]
[SourceQuality "1"]

1. d4 f5 2. Nf3 g6 3. b3 Bg7 4. Bb2 Nf6 5. g3 0-0 6. Bg2 d6 7. Nbd2 c6 8. c4 Kh8 9. Qc2 Nh5 10. h3 Nd7 11. e4 Ndf6 12. e5 Ne8 13. 0-0 d5 14. cxd5 cxd5 15. Ba3 b6 16. Rfc1 Bh6 17. Qc6 Rb8 18. Rc3 Nhg7 19. Rac1 Ne6 20. R1c2 N8c7 21. Qa4 Bd7 22. Qb4 Rf7 23. Rd3 Bb5 24. Bf1 Bxd3 25. Bxd3 Qd7 26. Bb2 Ng5 27. Nxg5 Bxg5 28. Nf3 Bh6 29. e6 Nxe6 30. Ne5 Qe8 31. Bb5 Qg8 32. Nxf7+ Qxf7 33. Qe1 Bg7 34. Qe3 f4 35. gxf4 Rf8 36. Bd7 Qf5 37. Rc1 Rf6 38. Bxe6 Rxe6 39. Rc8+ 1-0

[Event "BCF-chT3 0304 (4NCL)"]
[Site "West Bromwich"]
[Date "2004.01.25"]
[Round "4.5"]
[White "Binks, Michael"]
[Black "Williamson, Kevin J"]
[Result "1/2-1/2"]
[WhiteElo "2131"]
[BlackElo "2069"]
[PlyCount "47"]
[EventDate "2003.11.23"]
[EventType "team"]
[EventRounds "11"]
[EventCountry "ENG"]
[SourceTitle "EXT 2005"]
[Source "ChessBase"]
[SourceDate "2004.11.15"]
[SourceVersion "1"]
[SourceVersionDate "2004.11.15"]
[SourceQuality "1"]
[WhiteTeam "SW Dragons II"]
[BlackTeam "FCA Solutions"]
[WhiteTeamCountry "ENG"]
[BlackTeamCountry "ENG"]

1. d4 d6 2. Nf3 Bg4 3. Nbd2 Nf6 4. c4 c6 5. e3 Nbd7 6. Bd3 e6 7. Qc2 d5 8. b3 Bd6 9. Bb2 0-0 10. Ne5 Bh5 11. h3 Bg6 12. Nxg6 hxg6 13. f4 Nh5 14. 0-0 Ng3 15. Rf3 Qh4 16. Bc3 Nf6 17. Rxg3 Qxg3 18. Nf3 Bxf4 19. exf4 Qxf4 20. Re1 a5 21. Re5 a4 22. Bd2 axb3 23. Qxb3 Qg3 24. Be1 1/2-1/2

[Event "BCF-chT2 0203 (4NCL)"]
[Site "West Bromwich"]
[Date "2003.03.08"]
[Round "5.5"]
[White "Binks, Michael"]
[Black "Carleton, John Joseph"]
[Result "0-1"]
[WhiteElo "2149"]
[BlackElo "2266"]
[PlyCount "88"]
[EventDate "2002.11.??"]
[EventType "team"]
[EventRounds "11"]
[EventCountry "ENG"]
[SourceTitle "EXT 2004"]
[Source "ChessBase"]
[SourceDate "2003.11.25"]
[SourceVersion "1"]
[SourceVersionDate "2003.11.25"]
[SourceQuality "1"]
[WhiteTeam "SW Dragons II"]
[BlackTeam "NW Eagles"]
[WhiteTeamCountry "ENG"]
[BlackTeamCountry "ENG"]

1. d4 d5 2. c4 e6 3. Nc3 Bb4 4. Nf3 Nc6 5. Bg5 f6 6. cxd5 exd5 7. Bd2 Nge7 8. e3 0-0 9. h3 Kh8 10. a3 Bd6 11. Bd3 Be6 12. Qc2 Bg8 13. 0-0 Qd7 14. Nb5 a6 15. Nxd6 Qxd6 16. Rfc1 Rfc8 17. Qb3 Bf7 18. Rc2 Bg6 19. Bxg6 hxg6 20. Rac1 Qd7 21. Ne1 Nd8 22. Nd3 c6 23. Ba5 Ne6 24. Bb6 Nf5 25. Bc5 Re8 26. Rc3 Ng5 27. Qd1 Re4 28. Nf4 Qf7 29. Qg4 Kh7 30. h4 Ne6 31. g3 Nxf4 32. gxf4 Nh6 33. Qg3 Rh8 34. Kg2 Qe6 35. Kf3 Nf5 36. Qg4 Nxh4+ 37. Qxh4+ Kg8 38. Qxh8+ Kxh8 39. Rb3 b5 40. a4 g5 41. axb5 axb5 42. Ra3 Rxf4+ 43. Ke2 Qg4+ 44. Kd3 Rxf2 0-1

[Event "Dyfed op"]
[Site "Fishguard"]
[Date "2003.02.23"]
[Round "4"]
[White "Binks, Michael"]
[Black "Jones, Richard S"]
[Result "0-1"]
[WhiteElo "2149"]
[BlackElo "2246"]
[PlyCount "116"]
[EventDate "2003.02.??"]
[EventType "swiss"]
[EventRounds "5"]
[EventCountry "WLS"]
[SourceTitle "EXT 2005"]
[Source "ChessBase"]
[SourceDate "2004.11.15"]
[SourceVersion "1"]
[SourceVersionDate "2004.11.15"]
[SourceQuality "1"]

1. d4 Nf6 2. c4 g6 3. Nc3 Bg7 4. e4 0-0 5. Bd3 Nc6 6. Nge2 e5 7. d5 Nd4 8. f3 c5 9. Be3 d6 10. Qd2 a6 11. 0-0 Nd7 12. Bg5 f6 13. Bh4 Rf7 14. Rab1 Qf8 15. Bf2 f5 16. Be3 f4 17. Bxd4 exd4 18. Na4 a5 19. a3 Ne5 20. Ra1 Qd8 21. b3 g5 22. h3 h5 23. Kf2 g4 24. Ng1 Qh4+ 25. Ke2 gxh3 26. gxh3 Bxh3 27. Rf2 Bh6 28. Qe1 Rg7 29. Nxh3 Qxh3 30. Qh1 Qg3 31. Raf1 Rg5 32. Rh2 Kh7 33. Nb2 Rag8 34. Rff2 R8g6 35. Bc2 Kg7 36. Nd3 Nxd3 37. Bxd3 Qg1 38. Kd2 Qxh1 39. Rxh1 Re5 40. Rfh2 Rg3 41. Rf2 Kg6 42. Bf1 Re8 43. a4 Re5 44. Bh3 Reg5 45. Bf1 Bg7 46. Kd3 Kh6 47. Bh3 Bf6 48. Ke2 Rg1 49. Rfh2 R5g3 50. Bf1 Rxh1 51. Rxh1 d3+ 52. Kf2 Bd4+ 53. Ke1 Rxf3 54. Kd2 Rf2+ 55. Kxd3 Rf3+ 56. Kc2 Rc3+ 57. Kd1 Rxb3 58. Rh2 Rb1+ 0-1

[Event "WLS-ch"]
[Site "Swansea"]
[Date "2003.??.??"]
[Round "3"]
[White "Binks, Michael"]
[Black "Hardie, John"]
[Result "1-0"]
[WhiteElo "2149"]
[BlackElo "2057"]
[PlyCount "120"]
[EventDate "2003.??.??"]
[EventType "swiss"]
[EventRounds "7"]
[EventCountry "WLS"]
[SourceTitle "EXT 2005"]
[Source "ChessBase"]
[SourceDate "2004.11.15"]
[SourceVersion "1"]
[SourceVersionDate "2004.11.15"]
[SourceQuality "1"]

1. d4 Nf6 2. c4 g6 3. Nc3 Bg7 4. e4 d6 5. Be2 0-0 6. Nf3 e5 7. d5 Nbd7 8. 0-0 Nc5 9. Nd2 a5 10. b3 Ne8 11. a3 b6 12. Bb2 f5 13. f3 f4 14. b4 Nb7 15. Qb3 Bd7 16. Rfc1 h5 17. Nd1 g5 18. Nf2 Nf6 19. Nd3 Rb8 20. Qd1 Qe7 21. Rab1 g4 22. c5 bxc5 23. bxc5 Bb5 24. c6 Bxd3 25. Bxd3 Nc5 26. Bc4 gxf3 27. gxf3 Rb6 28. Bc3 Ra8 29. Rb5 Rxb5 30. Bxb5 Nh7 31. a4 Bf6 32. Qf1 Bh4 33. Qh3 Qg5+ 34. Qg2 Kf7 35. Qxg5 Nxg5 36. Kf1 Ke7 37. Ke2 Nh3 38. Bxe5 dxe5 39. Rxc5 Rg8 40. Rc3 Rg2+ 41. Kd1 Bf2 42. Bf1 Rxh2 43. Bxh3 Rxh3 44. Nc4 Bd4 45. Rb3 Rh1+ 46. Kc2 Bc5 47. Nxe5 Bd6 48. Nc4 Ra1 49. e5 Bb4 50. Kd3 Rxa4 51. Rb1 Ra2 52. Rh1 Rf2 53. Ke4 a4 54. Rxh5 a3 55. Rh7+ Kd8 56. d6 cxd6 57. exd6 Re2+ 58. Kxf4 Bxd6+ 59. Nxd6 Re7 60. Nb7+ Ke8 1-0

[Event "BCF-chT2 0203 (4NCL)"]
[Site "West Bromwich"]
[Date "2002.11.24"]
[Round "2.4"]
[White "Moore, Gerald C"]
[Black "Binks, Michael"]
[Result "1-0"]
[WhiteElo "2238"]
[BlackElo "2149"]
[PlyCount "97"]
[EventDate "2002.11.??"]
[EventType "team"]
[EventRounds "11"]
[EventCountry "ENG"]
[SourceTitle "EXT 2004"]
[Source "ChessBase"]
[SourceDate "2003.11.25"]
[SourceVersion "1"]
[SourceVersionDate "2003.11.25"]
[SourceQuality "1"]
[WhiteTeam "Poisoned Pawns"]
[BlackTeam "SW Dragons II"]
[WhiteTeamCountry "ENG"]
[BlackTeamCountry "ENG"]

1. Nf3 Nf6 2. c4 c5 3. Nc3 Nc6 4. d4 cxd4 5. Nxd4 d6 6. e4 g6 7. Be2 Bg7 8. Be3 Bd7 9. 0-0 a6 10. f3 Rc8 11. Rc1 h6 12. Nxc6 Bxc6 13. b4 Bd7 14. Qd2 g5 15. Rfd1 0-0 16. c5 Ne8 17. Nd5 Ba4 18. cxd6 Rxc1 19. dxe7 Rxd1+ 20. Bxd1 Qd7 21. Bxa4 Qxa4 22. Nb6 Qc6 23. Nd7 f6 24. exf8Q+ Bxf8 25. Nxf8 Kxf8 26. Bc5+ Kf7 27. Qd8 Qe6 28. a4 f5 29. Qd4 fxe4 30. fxe4 Nf6 31. e5 Ng4 32. h3 Nxe5 33. Qe4 Nd7 34. Qxb7 Kg6 35. Bf2 g4 36. hxg4 Nf6 37. b5 Qxg4 38. Qf3 Qxa4 39. b6 h5 40. Qd3+ Ne4 41. Bd4 Qc6 42. Qxa6 Kf7 43. Qa2+ Ke7 44. Qb2 Nd6 45. Bf2 Kf7 46. Qe5 Kg6 47. Qe6+ Kh7 48. Be3 Kg7 49. Kh2 1-0

[Event "South Wales Winter op"]
[Site "Newport"]
[Date "2002.01.04"]
[Round "1.5"]
[White "Binks, Michael"]
[Black "Burenkov, Slava"]
[Result "1-0"]
[WhiteElo "2100"]
[BlackElo "1819"]
[PlyCount "67"]
[EventDate "2002.01.04"]
[EventType "swiss"]
[EventRounds "5"]
[EventCountry "WLS"]
[SourceTitle "EXT 2004"]
[Source "ChessBase"]
[SourceDate "2003.11.25"]
[SourceVersion "1"]
[SourceVersionDate "2003.11.25"]
[SourceQuality "1"]

1. d4 Nf6 2. c4 e5 3. dxe5 Ng4 4. Nf3 Nc6 5. Nc3 Ngxe5 6. Nxe5 Nxe5 7. e3 Bb4 8. Bd2 a5 9. a3 Bc5 10. Ne4 Be7 11. Bc3 d6 12. Be2 f5 13. Ng3 Be6 14. f4 Nxc4 15. Bxc4 Bxc4 16. Bxg7 Rg8 17. Qh5+ Bf7 18. Qxh7 Bh4 19. Kd2 Bxg3 20. hxg3 Qd7 21. Bf6 Qe6 22. Bg5 Qd5+ 23. Ke1 Qxg2 24. Qh2 Qf3 25. Qg1 Bc4 26. Rh2 Kf7 27. Rc1 Rae8 28. Rc3 Rh8 29. Bh4 b5 30. b3 b4 31. Rxc4 Rxe3+ 32. Kd2 Rxb3 33. Rxc7+ Kg6 34. Qd4 1-0

[Event "WLS-ch"]
[Site "Swansea"]
[Date "2002.??.??"]
[Round "6"]
[White "Trevelyan, John"]
[Black "Binks, Michael"]
[Result "1-0"]
[WhiteElo "2178"]
[BlackElo "2125"]
[PlyCount "117"]
[EventDate "2002.03.29"]
[EventType "swiss"]
[EventRounds "7"]
[EventCountry "WLS"]
[SourceTitle "EXT 2003"]
[Source "ChessBase"]
[SourceDate "2002.11.25"]
[SourceVersion "1"]
[SourceVersionDate "2002.11.25"]
[SourceQuality "1"]

1. e4 d6 2. c4 g6 3. d4 Bg7 4. Nc3 Nd7 5. f4 e6 6. Nf3 Ne7 7. Bd3 0-0 8. 0-0 c5 9. d5 exd5 10. exd5 Nf6 11. h3 Bd7 12. a4 a6 13. a5 Qc7 14. Nh4 h6 15. g4 Rae8 16. Qf3 Qd8 17. g5 Nh7 18. gxh6 Bd4+ 19. Kh2 Kh8 20. f5 g5 21. Ng2 Ng8 22. Ne4 f6 23. Kh1 Qe7 24. Bd2 Nxh6 25. Rae1 Be5 26. Ne3 Kg7 27. Qh5 Qf7 28. Qg6+ Qxg6 29. fxg6 Bxh3 30. gxh7 Bxf1 31. Rxf1 Bf4 32. Rxf4 gxf4 33. Ng2 f5 34. Ng5 Rh8 35. Nxf4 Rxh7 36. Nxh7 Kxh7 37. b4 Kg7 38. bxc5 dxc5 39. Ne6+ Kf6 40. Nxc5 Ng4 41. Bc3+ Kg6 42. d6 Nf2+ 43. Kg2 Nxd3 44. Nxd3 Kf7 45. d7 Rg8+ 46. Kf3 Ke7 47. Ne5 Ke6 48. Kf4 Rh8 49. Be1 Rd8 50. Bh4 Rxd7 51. Nxd7 Kxd7 52. Bf2 Ke6 53. Bd4 Kd6 54. Kxf5 Kc7 55. Bb6+ Kb8 56. Ke6 Ka8 57. Kd7 Kb8 58. Be3 Ka8 59. Kc8 1-0

[Event "WLS-ch"]
[Site "Swansea"]
[Date "2001.04.14"]
[Round "2"]
[White "Cobb, James"]
[Black "Binks, Michael"]
[Result "1-0"]
[WhiteElo "2351"]
[BlackElo "2154"]
[PlyCount "69"]
[EventDate "2001.04.13"]
[EventType "swiss"]
[EventRounds "7"]
[EventCountry "WLS"]
[SourceTitle "EXT 2002"]
[Source "ChessBase"]
[SourceDate "2001.11.25"]
[SourceVersion "1"]
[SourceVersionDate "2001.11.25"]
[SourceQuality "1"]

1. d4 Nf6 2. c4 c5 3. d5 b5 4. Nf3 g6 5. a4 bxc4 6. Nc3 d6 7. h3 Bg7 8. e4 Ba6 9. Nd2 Qa5 10. Be2 Nbd7 11. f4 e6 12. dxe6 fxe6 13. Bxc4 d5 14. Nb3 Qb6 15. Bxa6 Qxa6 16. e5 Ng8 17. Nb5 Qb6 18. Nd6+ Ke7 19. a5 Qc6 20. 0-0 Nh6 21. Be3 d4 22. Bf2 Rhb8 23. Qc2 Qd5 24. Nd2 Nf5 25. N2c4 Rb4 26. Be1 Rbb8 27. Rb1 Nxd6 28. Nxd6 Rb3 29. Qf2 Nf8 30. Qd2 Rab8 31. Bh4+ Kd7 32. a6 R8b6 33. Qa5 Rxb2 34. Rxb2 Rxb2 35. Qd8+ 1-0

[Event "Olympiad-34"]
[Site "Istanbul"]
[Date "2000.11.09"]
[Round "12.3"]
[White "Van der Nat, Nicholas P"]
[Black "Binks, Michael"]
[Result "1-0"]
[WhiteElo "2160"]
[BlackElo "2155"]
[PlyCount "87"]
[EventDate "2000.10.28"]
[EventType "team-swiss"]
[EventRounds "14"]
[EventCountry "TUR"]
[SourceTitle "EXT 2001"]
[Source "ChessBase"]
[SourceDate "2000.11.22"]
[SourceVersion "1"]
[SourceVersionDate "2000.11.22"]
[SourceQuality "1"]
[WhiteTeam "South Africa"]
[BlackTeam "Wales"]
[WhiteTeamCountry "RSA"]
[BlackTeamCountry "WLS"]

1. e4 e5 2. Nf3 Nc6 3. Bb5 a6 4. Ba4 Nf6 5. Qe2 b5 6. Bb3 Be7 7. c3 d6 8. a4 b4 9. Qc4 Be6 10. Qxc6+ Bd7 11. Qc4 Be6 12. Qd3 Bxb3 13. c4 Qd7 14. Qxb3 Nxe4 15. 0-0 0-0 16. d4 exd4 17. Nxd4 Bf6 18. Be3 Nc5 19. Qd1 Rfe8 20. Nd2 Ne4 21. Nxe4 Rxe4 22. Qd3 Rae8 23. Ra2 Bxd4 24. Bxd4 Qg4 25. Be3 Rxc4 26. a5 Qe6 27. Raa1 f5 28. Rac1 d5 29. b3 Rxc1 30. Rxc1 d4 31. Bxd4 Rd8 32. Qe3 Qd5 33. Bc5 f4 34. Qe1 f3 35. Bxb4 fxg2 36. Qc3 Qh5 37. Qc4+ Kh8 38. Qxc7 Rd1+ 39. Be1 g6 40. Qb8+ Kg7 41. Rc7+ Kf6 42. Qf8+ Ke5 43. Re7+ Kd5 44. Qd8+ 1-0

[Event "West Wales op"]
[Site "Swansea"]
[Date "2000.10.08"]
[Round "5"]
[White "Gandy, Andrew"]
[Black "Binks, Michael"]
[Result "0-1"]
[WhiteElo "2067"]
[BlackElo "2155"]
[PlyCount "82"]
[EventDate "2000.10.??"]
[EventType "swiss"]
[EventRounds "5"]
[EventCountry "WLS"]
[SourceTitle "EXT 2004"]
[Source "ChessBase"]
[SourceDate "2003.11.25"]
[SourceVersion "1"]
[SourceVersionDate "2003.11.25"]
[SourceQuality "1"]

1. d4 d5 2. c4 c6 3. Nf3 Nf6 4. Qc2 dxc4 5. Qxc4 Bf5 6. Bf4 Nbd7 7. e3 e6 8. Nbd2 Nd5 9. Bg3 Bb4 10. Bd3 Bxd3 11. Qxd3 0-0 12. 0-0 Be7 13. a3 N5f6 14. e4 Nh5 15. e5 Nxg3 16. hxg3 Re8 17. Rfe1 Nf8 18. Qe4 Qd5 19. Qg4 Red8 20. Ne4 Ng6 21. Neg5 c5 22. dxc5 Qxc5 23. Qh5 Bxg5 24. Nxg5 h6 25. Nxe6 fxe6 26. Qxg6 Rd2 27. Qxe6+ Kh8 28. Kh2 Qxf2 29. Rg1 Qf3 30. Qh3 Re8 31. e6 Rxb2 32. Kh1 Qe4 33. Rge1 Re2 34. Rxe2 Qxe2 35. Rb1 b6 36. Qh4 Qxe6 37. Qb4 Qe4 38. Qb5 Re5 39. Qf1 Rh5+ 40. Kg1 Qe3+ 41. Qf2 Rh1+ 0-1